=LDR 00000nam 2200000 4500 =001 INLIS000000000019573 =005 20161017125752.0 =006 =007 =008 Ind =035 ##$$0010-061300000019573 =041 ##$$a Ind =082 ##$$a 621.381 =090 ##$$a 621.381, Pet e =100 ##$$a Petruzela Frank D =245 ##$$a Elektronik industri, Frank D Fetruzella =260 ##$$a 2001 $b Yogykarta =300 ##$$a 721 hlm, ilus, 21 cm =650 ##$$a Mesin-elemen =850 ##$$a NBPNMAT =990 ##$$a 2090101136/BPAP-NTB/2015